00739nam a2200253 a 4500001001300000003000900013005001700022008004100039020000900080082002100089100002000110245004500130260004400175300000900219500003500228505001200263650001800275650002900293700002000322902000800342942000700350952011300357999001500470nice12345678IN_TiNIC20260116012734.0050524s1968 newa grp 000 0 eng  ac2000a305.6297054bKAR aKarandikar, M A aIslam in India`s Transition to Modernity aNew DelhibOrient Longman Limitedc1968 a414p aincludes index and biblioraphy2 aIndexes aMuslims-India aIslam-Relations Hinduism1 aKarandikar, M A bSRS cBK 00104070aHMIbHMId2007-08-01g20.00l1o305.6297054 KARp014378r2019-10-09s2019-10-04w2026-01-16yEB c8170d8170